000 00542nam a22001932 4500
001 0000009558
005 20151217152057.0
008 081110s xx 000 0 eng d
020 _a1844800237 :
_cKES 2520
040 _aKABU
_cKABU
100 1 _aBlythe, Jim.
_@0000151438
245 1 0 _aSales & key account management /
_cJim Blythe.
260 _aLondon :
_bThomson,
_c2005.
300 _axii, 290 p.
650 0 _aSales Management.
_@0000151581
908 _a081110
950 _@1
999 _c7972
_d7972